| 000 | 00669nam a2200181 4500 | ||
|---|---|---|---|
| 008 | 240123b ||||| |||| 00| 0 eng d | ||
| 020 | _a9780802845412 | ||
| 050 |
_a BS2331 _b.B48 2000 |
||
| 245 |
_aBetween two horizons : _bspanning New Testament studies and systematic theology/ _cedited by Joel B. Green and Max Turner. |
||
| 260 |
_aGrand Rapids, Mich. : _bW.B. Eerdmans, | _c2000. |
||
| 300 |
_ax, 246 p. : _bill. ; _c 23 cm |
||
| 500 | _aIncludes bibliographical references and index. | ||
| 650 |
_aBible. _vNew Testament _xHermeneutics |
||
| 650 |
_aBible. _vNew Testament _xTheology |
||
| 700 | _aGreen, Joel B., | ||
| 700 | _aTurner, Max, | ||
| 942 |
_2lcc _cBK |
||
| 999 |
_c58903 _d58903 |
||